000 00319nam a2200109Ia 4500
008 200302s9999 xx 000 0 und d
100 _aAntony D. Radford & Other
245 _aDesign by Optimization in Architecture Building and Construction
260 _bVan Nostrand Renhold Company
260 _c1988
300 _a325 P.,
999 _c2142
_d2142